Indian standard specification for library catalogue and abstract card (Record no. 498211)

000 -LEADER
fixed length control field 00370cam a22000977a 4500
008 - FIXED-LENGTH DATA ELEMENTS--GENERAL INFORMATION
fixed length control field 180718b1974 xxu||||| |||| 00| 0 eng d
245 ## - TITLE STATEMENT
Title Indian standard specification for library catalogue and abstract card
Statement of responsibility, etc. by Indian Standrads Institution, India
260 ## - PUBLICATION, DISTRIBUTION, ETC.
Place of publication, distribution, etc. New Delhi
Name of publisher, distributor, etc. Indian Standrads Institution
Date of publication, distribution, etc. 1974
300 ## - PHYSICAL DESCRIPTION
Extent 12p.
700 ## - ADDED ENTRY--PERSONAL NAME
Personal name India. Indian Standrads Institution
Holdings
Withdrawn status Lost status Damaged status Not for loan Permanent Location Current Location Date acquired Barcode Date last seen Price effective from Koha item type
        Indian Institute of Public Administration Indian Institute of Public Administration 2018-08-04 G17187 2018-08-04 2018-08-04 G

Powered by Koha